| 000 | 00449nam a22001817a 4500 | ||
|---|---|---|---|
| 999 |
_c11802 _d11802 |
||
| 003 | OSt | ||
| 008 | 230130b ||||| |||| 00| 0 eng d | ||
| 020 | _a9788131531778 | ||
| 082 | _a658.802 JAM | ||
| 100 | _aJAIN,Subhash C | ||
| 245 | _aMarketing Planning and Strategy | ||
| 250 | _a8th ed | ||
| 260 |
_aNew Delhi _bCangage _c2016 |
||
| 300 | _a643 | ||
| 650 | _aMarketing Planning and Strategy | ||
| 700 | _aHALEY,George T | ||
| 942 |
_2ddc _cREF |
||